Scotland By Picture - Statistics

General Stats
  • This quiz has been taken 185 times
  • The average score is 12 of 16
Answer Stats
Picture Hint Answer % Correct
Lake Loch Ness
97%
Clothing Kilt
95%
National Symbol Unicorn
93%
Food Haggis
92%
Mountain Ben Nevis
88%
Flower Thistle
88%
Tennis Player Andy Murray
85%
Poet Robert Burns
83%
Biscuit Shortbread
83%
Patron Saint Saint Andrew
78%
Castle Edinburgh Castle
73%
Volcano Arthur's Seat
55%
Train Flying Scotsman
52%
Castle Stirling Castle
47%
Bridge Forth Bridge
43%
Viaduct Glenfinnan Viaduct
34%
No matching quizzes found
Score Distribution
Percent of People with Each Score
Percentile by Number Answered
Your Score History
You have not taken this quiz